| 000 | 00363nam a22001217a 4500 | ||
|---|---|---|---|
| 008 | 161102b xxu||||| |||| 00| 0 eng d | ||
| 050 | _aBX1750.N43P3 | ||
| 100 |
_aNewman, John Henry _98612 |
||
| 245 |
_aParochial and plain sermons _c/John Henry Newman |
||
| 260 |
_aLondon _bLongmans, Green , and CO _c1898 |
||
| 300 |
_axv,402p.; _c18cm. |
||
| 942 |
_2lcc _cMONOGRAPH |
||
| 999 |
_c125651 _d125651 |
||